<?xml version="1.0" encoding="UTF-8"?>
<record
    xmlns:xsi="http://www.w3.org/2001/XMLSchema-instance"
    xsi:schemaLocation="http://www.loc.gov/MARC21/slim http://www.loc.gov/standards/marcxml/schema/MARC21slim.xsd"
    xmlns="http://www.loc.gov/MARC21/slim">

  <leader>01678nam a2200361 i 4500</leader>
  <controlfield tag="001">bg</controlfield>
  <controlfield tag="003">BPK</controlfield>
  <controlfield tag="005">20201215085258.0</controlfield>
  <controlfield tag="008">961010s1996    pl           |000 0 pol</controlfield>
  <datafield tag="020" ind1=" " ind2=" ">
    <subfield code="a">8386467266</subfield>
  </datafield>
  <datafield tag="040" ind1=" " ind2=" ">
    <subfield code="c">BPK</subfield>
  </datafield>
  <datafield tag="041" ind1="1" ind2=" ">
    <subfield code="a">pol</subfield>
    <subfield code="h">eng</subfield>
  </datafield>
  <datafield tag="080" ind1=" " ind2=" ">
    <subfield code="a">58/59</subfield>
  </datafield>
  <datafield tag="080" ind1=" " ind2=" ">
    <subfield code="a">502.17</subfield>
  </datafield>
  <datafield tag="080" ind1=" " ind2=" ">
    <subfield code="a">341.24</subfield>
  </datafield>
  <datafield tag="080" ind1=" " ind2=" ">
    <subfield code="a">349.6</subfield>
  </datafield>
  <datafield tag="080" ind1=" " ind2=" ">
    <subfield code="a">339.5</subfield>
  </datafield>
  <datafield tag="080" ind1=" " ind2=" ">
    <subfield code="a">(083.8)</subfield>
  </datafield>
  <datafield tag="245" ind1=" " ind2="0">
    <subfield code="a">Konwencja o mi&#x119;dzynarodowym handlu dzikimi zwierz&#x119;tami i ro&#x15B;linami gatunk&#xF3;w zagro&#x17C;onych wygini&#x119;ciem /</subfield>
    <subfield code="c">pod red. Stanis&#x142;awa Wajdy i Janusza &#x17B;urka ; Instytut Ochrony &#x15A;rodowiska.</subfield>
  </datafield>
  <datafield tag="260" ind1=" " ind2=" ">
    <subfield code="a">Warszawa :</subfield>
    <subfield code="b">IO&#x15A;,</subfield>
    <subfield code="c">[1995?].</subfield>
  </datafield>
  <datafield tag="300" ind1=" " ind2=" ">
    <subfield code="a">66 s. ;</subfield>
    <subfield code="c">24 cm.</subfield>
  </datafield>
  <datafield tag="490" ind1="1" ind2=" ">
    <subfield code="a">Konwencje Mi&#x119;dzynarodowe i Uchwa&#x142;y Organizacji Mi&#x119;dzynarodowych ;</subfield>
    <subfield code="v">z.13</subfield>
  </datafield>
  <datafield tag="500" ind1=" " ind2=" ">
    <subfield code="a">Jednolity tekst konwencji sporz&#x105;dzony przez wydawc&#x119; na podstawie oficjalnego przek&#x142;adu polskiego (Za&#x142;&#x105;cznik do Dz.U. nr 27, poz.112 z 4 kwietnia 1991 r.) i poprawionych za&#x142;&#x105;cznik&#xF3;w przyj&#x119;tych przez Konferencj&#x119; Stron wed&#x142;ug stanu na 16 lutego 1995 r.
W za&#x142;&#x105;cznikach 1-3 zamieszczono &#x142;ac. nazwy gatunk&#xF3;w zwierz&#x105;t i ro&#x15B;lin.</subfield>
  </datafield>
  <datafield tag="650" ind1=" " ind2="4">
    <subfield code="a">Ro&#x15B;liny chronione</subfield>
    <subfield code="x">handel</subfield>
    <subfield code="x">prawo.</subfield>
  </datafield>
  <datafield tag="650" ind1=" " ind2="4">
    <subfield code="a">Zwierz&#x119;ta chronione</subfield>
    <subfield code="x">handel</subfield>
    <subfield code="x">prawo. </subfield>
  </datafield>
  <datafield tag="650" ind1=" " ind2="4">
    <subfield code="a">Umowy mi&#x119;dzynarodowe</subfield>
    <subfield code="y">od 1945 r.</subfield>
  </datafield>
  <datafield tag="650" ind1=" " ind2="4">
    <subfield code="a">Prawo ochrony &#x15B;rodowiska mi&#x119;dzynarodowe</subfield>
  </datafield>
  <datafield tag="700" ind1="1" ind2=" ">
    <subfield code="a">&#x17B;urek, Janusz</subfield>
    <subfield code="e">Redakcja</subfield>
  </datafield>
  <datafield tag="700" ind1="1" ind2=" ">
    <subfield code="a">Wajda, Stanis&#x142;aw</subfield>
    <subfield code="c">(prawo)</subfield>
    <subfield code="e">Redakcja</subfield>
  </datafield>
  <datafield tag="830" ind1=" " ind2=" ">
    <subfield code="a">Konwencje Mi&#x119;dzynarodowe i Uchwa&#x142;y Organizacji Mi&#x119;dzynarodowych ;</subfield>
    <subfield code="v">z. 13</subfield>
  </datafield>
  <datafield tag="856" ind1=" " ind2=" ">
    <subfield code="u">http://koha.tu.koszalin.pl/cgi-bin/koha/opac-detail.pl?biblionumber=31221</subfield>
    <subfield code="y">Katalog online BPK</subfield>
  </datafield>
  <datafield tag="942" ind1=" " ind2=" ">
    <subfield code="c">KS</subfield>
    <subfield code="2">UKD</subfield>
  </datafield>
  <datafield tag="999" ind1=" " ind2=" ">
    <subfield code="c">31221</subfield>
    <subfield code="d">31221</subfield>
  </datafield>
  <datafield tag="952" ind1=" " ind2=" ">
    <subfield code="0">0</subfield>
    <subfield code="1">0</subfield>
    <subfield code="4">0</subfield>
    <subfield code="7">1</subfield>
    <subfield code="a">BPK</subfield>
    <subfield code="b">BPK</subfield>
    <subfield code="c">c</subfield>
    <subfield code="o">38381</subfield>
    <subfield code="p">01180589</subfield>
    <subfield code="t">349.6 Po&#x15B;</subfield>
    <subfield code="y">KS</subfield>
  </datafield>
  <datafield tag="952" ind1=" " ind2=" ">
    <subfield code="0">0</subfield>
    <subfield code="1">0</subfield>
    <subfield code="4">0</subfield>
    <subfield code="7">0</subfield>
    <subfield code="a">BPK</subfield>
    <subfield code="b">BPK</subfield>
    <subfield code="c">w</subfield>
    <subfield code="o">38381/L</subfield>
    <subfield code="p">01532166</subfield>
    <subfield code="y">KS</subfield>
  </datafield>
  <datafield tag="952" ind1=" " ind2=" ">
    <subfield code="0">0</subfield>
    <subfield code="1">0</subfield>
    <subfield code="4">0</subfield>
    <subfield code="7">0</subfield>
    <subfield code="a">BPK</subfield>
    <subfield code="b">BPK</subfield>
    <subfield code="c">w</subfield>
    <subfield code="o">40933</subfield>
    <subfield code="p">01278811</subfield>
    <subfield code="y">KS</subfield>
  </datafield>
</record>
